Taylor Swift - Les Vault Tracks de Speak Now (Taylor's Version) - Statistiques

Statistiques générales
  • Ce quiz a été pris 52 fois
  • Le résultat moyen est 5 sur 6
Statistiques - réponses
Hint Réponse % Correct
Speak Now (Taylor's Version) I Can See You
98%
Speak Now (Taylor's Version) When Emma Falls In Love
98%
Speak Now (Taylor's Version) Castles Crumbling (ft. Hayley Williams)
90%
Speak Now (Taylor's Version) Timeless
90%
Speak Now (Taylor's Version) Foolish One
88%
Speak Now (Taylor's Version) Electric Touch (ft. Fall Out Boy)
85%
Aucun quiz correspondant
Distribution des résultats
% des personnes avec chaque résultat
Percentile par nombre de réponses
Votre historique - résultats
Vous n’avez pas pris ce quiz